000 00707nam a2200217Ia 4500
003 IN-BaIIA
008 211028s9999 xx 000 0 eng d
020 _a81-7023-065-9
040 _cIIA Library
080 _a25.5
_bGUH
245 0 _aIn the Library and Information Science Horizon
_cedited by B. Guha
260 _aNew Delhi
_bAllied Publishers
_c1986
300 _axxiii,436p
650 _aAstronomy and Astrophysics Thesaurus
650 _aComputerised Information Retrieval
_915216
650 _aInformation Sources
_915217
650 _aLibrary Science
_98327
650 _aResource Sharing
_915218
700 _aGuha, B., ed.
_915219
942 _cBK
999 _c9049
_d9049